| 000 | 00864cam a22002531 4500 | ||
|---|---|---|---|
| 001 | gs 60000250 | ||
| 003 | DLC | ||
| 005 | 20260227111409.0 | ||
| 008 | 780914s1960 nmu 000 0 eng | ||
| 010 | _ags 60000250 | ||
| 035 | _a(OCoLC)4224768 | ||
| 040 |
_aDLC _cTxEU _dDLC |
||
| 042 | _apremarc | ||
| 050 | 0 | 0 |
_aTN24.N6 _bA235 no. 56 |
| 100 | 1 | _aKottlowski, Frank Edward. | |
| 245 | 1 | 0 | _aGeologic research in New Mexico during 1959. |
| 260 |
_aSocorro, _bState Bureau of Mines and Mineral Resources, New Mexico Institute of Mining and Technology, _c1960. |
||
| 300 |
_a44 p. _c28 cm. |
||
| 490 | 1 |
_aNew Mexico. Bureau of Mines and Mineral Resources. Circular _v56 |
|
| 504 | _aBibliography: p. 25-35. | ||
| 650 | 0 |
_aGeology _zNew Mexico. |
|
| 650 | 0 |
_aGeology _xResearch. |
|
| 830 | 0 |
_aCircular (New Mexico. Bureau of Mines and Mineral Resources) ; _v56. |
|
| 999 |
_c29471 _d29471 |
||